00937nam a22002177a 450000500170000001000150001702000260003203500140005803700090007208200110008110000270009224501140011926000680023327001730030130000200047460000270049470000270052194200230054899900190057195201290059020260319120515.0 aENG-147944 c600.00a9789395481557 aEN-131476 bDBAD a338.04 aGogte Dr. Jyoti988625 aRoadmap for an Entrepreneur;cDr. Jyoti GogtehEnglishbNavigate Your Journey With Proven Tools and Templates aMaharashtrabChaitali Nachnekar- Vishwakarma Publicationsc2025 bMaharashtraa34A/1, Suyog Centre , 7th Floor , Gultekadi Marketyard Road,Giridhar Bhawan Chowk Pune :411037 , Maharashtra, Indiae411037k9168682200minfo@vpindia.co.in a376 pbk. c24cm dDr. Jyoti Gogte988626 aGogte Dr. Jyoti988625 2ddccENm338.04e1 c215650d215650 001040718NFICaDBADbDBADd2026-03-19eDBADg600.00l0o338.04pEN-131476r2026-03-19 00:00:00t1v600.00w2026-03-19yEN